<?xml version="1.0" encoding="UTF-8"?>
<record
    xmlns:xsi="http://www.w3.org/2001/XMLSchema-instance"
    xsi:schemaLocation="http://www.loc.gov/MARC21/slim http://www.loc.gov/standards/marcxml/schema/MARC21slim.xsd"
    xmlns="http://www.loc.gov/MARC21/slim">

  <leader>02650nam a2200313   4500</leader>
  <controlfield tag="001">114096</controlfield>
  <controlfield tag="003">DR-UNIBE</controlfield>
  <controlfield tag="005">20250922111115.0</controlfield>
  <controlfield tag="008">250922b2013    dr ||||| |||| 00| 0 spa d</controlfield>
  <datafield tag="020" ind1=" " ind2=" ">
    <subfield code="a">9789945868395</subfield>
  </datafield>
  <datafield tag="040" ind1=" " ind2=" ">
    <subfield code="a">BIBLIOTECA UNIBE</subfield>
    <subfield code="c">BIBLIOTECA UNIBE</subfield>
    <subfield code="b">spa</subfield>
    <subfield code="e">rda</subfield>
  </datafield>
  <datafield tag="041" ind1=" " ind2=" ">
    <subfield code="a">spa</subfield>
  </datafield>
  <datafield tag="082" ind1=" " ind2=" ">
    <subfield code="2">22</subfield>
    <subfield code="a">RD  306.362   R282e</subfield>
  </datafield>
  <datafield tag="100" ind1="1" ind2="0">
    <subfield code="a">Read Ortiz, Alexis</subfield>
    <subfield code="9">199349</subfield>
    <subfield code="e">autor</subfield>
  </datafield>
  <datafield tag="245" ind1="1" ind2="3">
    <subfield code="a">De esclavos y montoneros :</subfield>
    <subfield code="b">los combates de El Memiso y El Pinar /</subfield>
    <subfield code="c">Alexis Read Ortiz</subfield>
  </datafield>
  <datafield tag="250" ind1=" " ind2=" ">
    <subfield code="a">Primera edici&#xF3;n</subfield>
  </datafield>
  <datafield tag="260" ind1=" " ind2=" ">
    <subfield code="a">Santo Domingo :</subfield>
    <subfield code="b">Fundaci&#xF3;n Garc&#xED;a Ar&#xE9;valo, </subfield>
    <subfield code="c">2013</subfield>
  </datafield>
  <datafield tag="300" ind1=" " ind2=" ">
    <subfield code="a">638 p&#xE1;ginas :</subfield>
    <subfield code="b">ilustraciones b/n, color ;</subfield>
    <subfield code="c">23 x 17 cm</subfield>
  </datafield>
  <datafield tag="500" ind1=" " ind2=" ">
    <subfield code="a">Comentario de la obra en la contraportada</subfield>
  </datafield>
  <datafield tag="505" ind1=" " ind2=" ">
    <subfield code="a">Dedicatoria |
Agradecimientos |
Pr&#xF3;logo: los aportes a la nueva historia dominicana de Alexis Read |
Anotaciones previas |
Primera anotaci&#xF3;n |
Segunda anotaci&#xF3;n |
Cap&#xED;tulo I Maniel : de la trata y la esclavitud |
Cap&#xED;tulo II un honorable negocio |
Cap&#xED;tulo III la trata negra |
Cap&#xED;tulo IV el universo de la esclavitud |
Cap&#xED;tulo V las rebeliones de esclavos : El Cimarr&#xF3;n |
Cap&#xED;tulo VI los Manieles |
Cap&#xED;tulo VII los Manieles de Ocoa |
Cap&#xED;tulo VIII el Maniel o  San Jos&#xE9; de Ocoa |
Cap&#xED;tulo IX la b&#xFA;squeda de la identidad nacional |
Cap&#xED;tulo X la unificaci&#xF3;n coin Hait&#xED; |
Cap&#xED;tulo  XI la independencia, la quimera de una Rep&#xFA;blica Dominicana |
Cap&#xED;tulo XII la reacci&#xF3;n del Estado haitiano ante el hecho cumplido de la separaci&#xF3;n, el ej&#xE9;rcito haitiano y su armamento |
Cap&#xED;tulo XIII e ej&#xE9;rcito dominicano y su armamento |
Cap&#xED;tulo XIV los hateros y monteros: h&#xE9;roes de las guerras de independencia |
Cap&#xED;tulo XV el frente sur: numancia de la patria |
Cap&#xED;tulo XVI las avenidas de la invasion. Problemas que plantea el abordaje de las acciones en El Memiso y El Pinar |
Cap&#xED;tulo XVII El Memiso: lo vegetal y lo humano |
Cap&#xED;tulo XVIII el Maniel es El Pinar |
Cap&#xED;tulo XIX el combate de El Pinar |
Cap&#xED;tulo XX de peque&#xF1;eces y de grandezas. Vindicaci&#xF3;n de El Memiso y el Pinar
Ep&#xED;logo |
Bibliograf&#xED;a |
&#xCD;ndice onom&#xE1;stico |
&#xCD;ndice topon&#xED;mico </subfield>
  </datafield>
  <datafield tag="650" ind1=" " ind2=" ">
    <subfield code="2">lemb</subfield>
    <subfield code="a">Esclavos</subfield>
    <subfield code="x">Historia</subfield>
    <subfield code="z">San Jos&#xE9; de Ocoa</subfield>
    <subfield code="9">199353</subfield>
  </datafield>
  <datafield tag="650" ind1=" " ind2="7">
    <subfield code="2">lemb</subfield>
    <subfield code="a">Montoneros</subfield>
    <subfield code="x">Historia</subfield>
    <subfield code="z">San Jos&#xE9; de Ocoa</subfield>
    <subfield code="9">199354</subfield>
  </datafield>
  <datafield tag="651" ind1=" " ind2="7">
    <subfield code="2">lemb</subfield>
    <subfield code="a">Rep&#xFA;blica Dominicana</subfield>
    <subfield code="x">Guerras de la Separaci&#xF3;n</subfield>
    <subfield code="y">1844-1856</subfield>
    <subfield code="9">199352</subfield>
  </datafield>
  <datafield tag="700" ind1="1" ind2="0">
    <subfield code="a">Despradel Cabral, Alberto Emilio,</subfield>
    <subfield code="d">1948-</subfield>
    <subfield code="9">49586</subfield>
    <subfield code="e">prologuista</subfield>
  </datafield>
  <datafield tag="700" ind1="1" ind2="0">
    <subfield code="a">Alm&#xE1;nzar Rodr&#xED;guez, Luz</subfield>
    <subfield code="9">24130</subfield>
    <subfield code="e">corrector de estilo</subfield>
  </datafield>
  <datafield tag="700" ind1="1" ind2="0">
    <subfield code="a">Casado, Yissel</subfield>
    <subfield code="9">55534</subfield>
    <subfield code="e">diagramador</subfield>
  </datafield>
  <datafield tag="700" ind1="1" ind2="0">
    <subfield code="a">Read, Enrique</subfield>
    <subfield code="9">148123</subfield>
    <subfield code="e">dise&#xF1;ador de portada</subfield>
  </datafield>
  <datafield tag="942" ind1=" " ind2=" ">
    <subfield code="2">ddc</subfield>
    <subfield code="c">BK</subfield>
  </datafield>
  <datafield tag="999" ind1=" " ind2=" ">
    <subfield code="c">114096</subfield>
    <subfield code="d">114096</subfield>
  </datafield>
  <datafield tag="952" ind1=" " ind2=" ">
    <subfield code="0">0</subfield>
    <subfield code="1">0</subfield>
    <subfield code="2">ddc</subfield>
    <subfield code="7">0</subfield>
    <subfield code="8">GEN-RD</subfield>
    <subfield code="a">Principal</subfield>
    <subfield code="d">2025-09-22</subfield>
    <subfield code="l">0</subfield>
    <subfield code="o">RD  306.362   R282</subfield>
    <subfield code="p">251022</subfield>
    <subfield code="r">2025-09-22 10:29:19</subfield>
    <subfield code="t">Ej. 1</subfield>
    <subfield code="w">2025-09-22</subfield>
    <subfield code="y">BK</subfield>
  </datafield>
</record>
